000 00308nam a22001337a 4500
008 170605b xxu||||| |||| 00| 0 eng d
020 _a9780618766109
041 _aeng
080 _26 ED
_a94
100 _a18
101 _aSHH
245 _aDISCOVERING THE WESTERN PAST
_cWHELLER.E
942 _2udc
_cBK
999 _c15928
_d15928